This Is No Accident (Record no. 4596)

MARC details
000 -LEADER
fixed length control field 00601nam a2200241 a 4500
020 ## - INTERNATIONAL STANDARD BOOK NUMBER
ISBN
082 00 - DEWEY DECIMAL CLASSIFICATION NUMBER
Classification number 269.2
Author Cutter MOU
100 ## - MAIN ENTRY--AUTHOR NAME
Author name Moules, Leonard C J
245 ## - TITLE STATEMENT
Title This Is No Accident
260 ## - PUBLICATION, DISTRIBUTION, ETC. (IMPRINT)
Place of publication Fort Washington PA
Name of publisher Worldwide Evangelization Crusade
Year of publication 1965
300 ## - PHYSICAL DESCRIPTION
Number of Pages 109p
500 ## - GENERAL NOTE
General note includes index and biblioraphy
505 2# - FORMATTED CONTENTS NOTE
Formatted contents note Index
650 ## - SUBJECT ADDED ENTRY--TOPICAL TERM
Topical Term Evangelistic Work
942 ## - ADDED ENTRY ELEMENTS (KOHA)
Koha item type Books
700 1# -
-- Moules, Leonard C J
Holdings
Collection code Home library Current library Date acquired Cost, normal purchase price Full call number Accession Number Koha item type
  Henry Martyn Institute Library Henry Martyn Institute Library 07/13/2007 100.00 269.2 MOU 05484 Books
                   Copyright © 2026 | Henry Martyn Institute | Hyderabad | TS-500052 | INDIA | Implemented by hmi.edu.in
Hit-Count:

Powered by Koha